[Event "Tournoi Skype 011A"]
[Site "Skype"]
[Date "????.??.??"]
[Round "6.5"]
[White "Brun, Jacques"]
[Black "Hervais, Adrien"]
[Result "0-1"]
[WhiteElo "1699"]
[BlackElo "2097"]
[PlyCount "108"]

1. e4 e5 2. Nf3 Nf6 3. Nc3 Bb4 4. d3 Nc6 5. Bg5 d5 6. exd5 Qxd5 7. Bd2 Bxc3 8.
Bxc3 Bg4 9. Be2 O-O 10. O-O Rfe8 11. Re1 Qd7 12. h3 Bf5 13. Bf1 Qd5 14. Nh4 Be6
15. Nf3 Bd7 16. g3 Nd4 17. Bg2 Bxh3 18. Bxd4 Bxg2 19. Kxg2 exd4 20. Rh1 Nd7 21.
Rh4 c5 22. Kg1 Re6 23. Nd2 Nf6 24. Kf1 Rae8 25. Qf3 Qxf3 26. Nxf3 Re2 27. Rc1
g6 28. Ng1 R2e5 29. Nf3 Rf5 30. Kg2 g5 31. Rhh1 g4 32. Nh4 Rfe5 33. Rhd1 Nd5
34. Kf1 Kg7 35. a3 Kf6 36. c4 dxc3 37. bxc3 Re2 38. c4 Nc7 39. Re1 Ra2 40. Rxe8
Nxe8 41. Rc3 Ke5 42. Rb3 b6 43. Ke1 Ng7 44. f4+ Kd4 45. Kd1 Ke3 46. Kc1 Ra1+
47. Kb2 Rg1 48. f5 f6 49. a4 Rxg3 50. d4+ Kf4 51. d5 Rxb3+ 52. Kxb3 Nxf5 53.
Ng2+ Ke5 54. a5 h5 0-1

[Event "Tournoi Skype 011A"]
[Site "Skype"]
[Date "????.??.??"]
[Round "6.6"]
[White "Plourde, Alain"]
[Black "Meyer, Eric"]
[Result "1/2-1/2"]
[WhiteElo "1868"]
[BlackElo "1628"]
[PlyCount "63"]

1. d4 Nf6 2. c4 g6 3. Nc3 d5 4. Nf3 c6 5. e3 Bg7 6. Bd3 Nbd7 7. O-O dxc4 8.
Bxc4 Nb6 9. Bb3 Nbd5 10. Bd2 O-O 11. Qe2 Nxc3 12. Bxc3 Ne4 13. Rac1 Nxc3 14.
Rxc3 Qd6 15. Rfc1 Bd7 16. Ng5 Bf6 17. Ne4 Qb4 18. Nxf6+ exf6 19. Qc4 Qd6 20.
Qc5 Qxc5 21. Rxc5 Rac8 22. d5 cxd5 23. Bxd5 Rxc5 24. Rxc5 Rc8 25. Rxc8+ Bxc8
26. Kf1 b6 27. Ke2 Kf8 28. Kd3 Ke7 29. Kc4 a6 30. Kd4 Be6 31. a4 Kd6 32. Bxe6
1/2-1/2

[Event "Tournoi Skype 011A"]
[Site "Skype"]
[Date "????.??.??"]
[Round "6.7"]
[White "Catherine, Bertrand"]
[Black "De Leener, Luc"]
[Result "1-0"]
[WhiteElo "1910"]
[BlackElo "1632"]
[PlyCount "85"]

1. e4 c5 2. Nf3 Nc6 3. Bb5 a6 4. Bxc6 bxc6 5. O-O d6 6. d3 Nf6 7. e5 dxe5 8.
Nxe5 Qd5 9. Re1 Bb7 10. Nc3 Qd8 11. Bg5 e6 12. Qf3 Be7 13. Ne4 O-O 14. Bxf6
Bxf6 15. Nxf6+ Qxf6 16. Qxf6 gxf6 17. Nd7 Rfd8 18. Nxf6+ Kg7 19. Ne4 Rd5 20. c4
Rd7 21. Nxc5 Re7 22. b3 Rd8 23. Kf1 Rd4 24. Re4 Rd8 25. Ke2 Bc8 26. Kd2 f5 27.
Re5 Kf6 28. Rae1 Rg8 29. g3 h5 30. Kc3 a5 31. Na4 h4 32. Rxa5 hxg3 33. hxg3 e5
34. Ra8 Be6 35. Rxg8 Bxg8 36. Rh1 e4 37. Rh6+ Kg5 38. Rh8 Bf7 39. dxe4 fxe4 40.
Nc5 e3 41. fxe3 Rxe3+ 42. Kd2 Rxg3 43. Ne4+ 1-0

[Event "Tournoi Skype 011A"]
[Site "Skype"]
[Date "????.??.??"]
[Round "6.8"]
[White "Murgia, Stefano"]
[Black "Bourdeau, Yvan"]
[Result "1-0"]
[WhiteElo "1718"]
[BlackElo "1620"]
[PlyCount "51"]

1. e4 c5 2. Nf3 d6 3. d4 cxd4 4. Nxd4 Nf6 5. Nc3 Nc6 6. Bg5 e6 7. Qd2 Be7 8. f3
a6 9. O-O-O Bd7 10. h4 h6 11. Be3 Qc7 12. Kb1 Rc8 13. g4 Ne5 14. Qg2 Nc4 15.
Bxc4 Qxc4 16. g5 Nh5 17. g6 O-O 18. gxf7+ Kh7 19. Rhg1 Rxf7 20. Qg6+ Kg8 21.
Qxh5 Rcf8 22. Bxh6 Bf6 23. e5 dxe5 24. Ne4 g6 25. Nxf6+ Rxf6 26. Rxg6+ 1-0

[Event "Tournoi Skype 011A"]
[Site "Skype"]
[Date "????.??.??"]
[Round "6.10"]
[White "Rajpurohit, Dinesh"]
[Black "Chaignet, Lucas"]
[Result "1/2-1/2"]
[WhiteElo "1627"]
[BlackElo "1642"]
[PlyCount "72"]

1. c4 c5 2. Nf3 Nc6 3. d4 cxd4 4. Nxd4 Nf6 5. Bf4 d6 6. Nxc6 bxc6 7. e3 g6 8.
Nc3 Bg7 9. Be2 Bf5 10. Bf3 Qd7 11. O-O Bg4 12. h3 Bxf3 13. Qxf3 O-O 14. Rad1
Ne8 15. c5 d5 16. e4 e5 17. exd5 exf4 18. dxc6 Qe7 19. Nd5 Qxc5 20. Rc1 Qd6 21.
Rfd1 Rb8 22. c7 Rc8 23. Qe4 Bf6 24. Nxf6+ Nxf6 25. Qb7 Qe6 26. Rc6 Qf5 27. f3
Rfe8 28. Rdd6 Qb1+ 29. Kh2 Qe1 30. Rd8 Qg3+ 31. Kh1 Kg7 32. Rxe8 Rxe8 33. Rc1
Re1+ 34. Rxe1 Qxe1+ 35. Kh2 Qg3+ 36. Kg1 Qe1+ 1/2-1/2

[Event "Tournoi Skype 011A"]
[Site "Skype"]
[Date "????.??.??"]
[Round "6.11"]
[White "Kumar Pradhan, Soundarya"]
[Black "Loyarte, Frederic"]
[Result "1-0"]
[WhiteElo "1641"]
[BlackElo "1509"]
[PlyCount "87"]

1. d4 Nf6 2. c4 g6 3. Nc3 d6 4. e4 Bg7 5. f4 Bg4 6. Be2 Bxe2 7. Qxe2 O-O 8. Nf3
c5 9. d5 Nbd7 10. O-O e5 11. fxe5 dxe5 12. Bg5 h6 13. Bh4 g5 14. Bg3 Nh5 15.
Be1 Nf4 16. Qc2 g4 17. Nh4 Bf6 18. Nf5 Kh7 19. Bd2 Bg5 20. Bxf4 Bxf4 21. g3 Bg5
22. Qe2 h5 23. h3 gxh3 24. Qxh5+ Kg8 25. Qxh3 Qf6 26. Rf3 Qh8 27. Qxh8+ Kxh8
28. Nd6 f6 29. Ncb5 a6 30. Nc7 Rab8 31. Ne6 Rg8 32. Nf7+ Kh7 33. Nfxg5+ fxg5
34. Rf7+ Kg6 35. Rxd7 b5 36. cxb5 Rxb5 37. b3 Rb4 38. Nxc5 Rc8 39. a3 Rb5 40.
b4 a5 41. Rd6+ Kh7 42. Kg2 axb4 43. axb4 Rxb4 44. Ra7+ 1-0

[Event "Tournoi Skype 011A"]
[Site "Skype"]
[Date "????.??.??"]
[Round "6.12"]
[White "L'Herbon De Lussats, Jean"]
[Black "Le Brun, Yves"]
[Result "0-1"]
[WhiteElo "1486"]
[BlackElo "1633"]
[PlyCount "50"]

1. c4 c5 2. Nf3 Nc6 3. e4 d6 4. b3 Nf6 5. d3 g6 6. Bb2 Bg7 7. Qe2 O-O 8. h3 Nh5
9. g3 Qa5+ 10. Kd1 Rd8 11. Bxg7 Nxg7 12. Qd2 Qxd2+ 13. Nbxd2 Ne6 14. h4 Ned4
15. h5 Ne5 16. hxg6 fxg6 17. Ng5 Bg4+ 18. Kc1 h5 19. Kb2 Rf8 20. f4 Nf7 21. Bg2
Nxg5 22. fxg5 Rf2 23. Bh3 Bxh3 24. Rxh3 Rxd2+ 25. Kc3 Rc2# 0-1

[Event "Tournoi Skype 011A"]
[Site "Skype"]
[Date "????.??.??"]
[Round "6.13"]
[White "Janssen, Gerard"]
[Black "Casey, Eamonn"]
[Result "1-0"]
[WhiteElo "1621"]
[BlackElo "1656"]
[PlyCount "57"]

1. d4 Nf6 2. c4 e6 3. Nc3 d5 4. e3 Nbd7 5. Nf3 Bb4 6. Qb3 a5 7. a3 Bxc3+ 8.
Qxc3 Ne4 9. Qc2 O-O 10. Bd3 Ndf6 11. O-O b6 12. Ne5 Bb7 13. f3 Nd6 14. c5 bxc5
15. dxc5 Nde8 16. c6 Ba6 17. Rd1 Bxd3 18. Rxd3 Nd6 19. Bd2 Qe7 20. b4 axb4 21.
Bxb4 Rfd8 22. g4 Qe8 23. h4 h6 24. Kf2 Ra6 25. Rh1 Nb5 26. g5 hxg5 27. hxg5 Nh7
28. f4 f5 29. Rxh7 1-0

[Event "Tournoi Skype 011A"]
[Site "Skype"]
[Date "????.??.??"]
[Round "6.14"]
[White "Parmar, Manoj"]
[Black "Legueltel, Daniel"]
[Result "1-0"]
[WhiteElo "1658"]
[BlackElo "1680"]
[PlyCount "75"]

1. d4 d5 2. Bf4 Nf6 3. Nf3 c6 4. c4 dxc4 5. Nc3 e6 6. a3 Nbd7 7. e4 Nb6 8. Be2
Be7 9. O-O O-O 10. e5 Nfd5 11. Bg3 f5 12. exf6 Nxf6 13. Ne5 Bd6 14. f4 Bxe5 15.
fxe5 Nfd5 16. Rc1 Nxc3 17. Rxc3 Bd7 18. Rxf8+ Qxf8 19. Qc2 Qe7 20. Bf2 Rf8 21.
Rh3 h6 22. Be3 g5 23. Qg6+ Qg7 24. Rxh6 Qxg6 25. Rxg6+ Kh7 26. Rxg5 Nd5 27. Bd2
b5 28. Bf3 Rf7 29. Be4+ Kh8 30. Rg3 Nf4 31. Bf3 Nd3 32. Bg5 Kg7 33. Bf6+ Kf8
34. Rh3 Rxf6 35. exf6 Kg8 36. Be4 Nxb2 37. Bg6 a5 38. f7+ 1-0

[Event "Tournoi Skype 011A"]
[Site "Skype"]
[Date "????.??.??"]
[Round "6.15"]
[White "Engstrom, Olle"]
[Black "Holtz, Steve"]
[Result "1-0"]
[WhiteElo "1639"]
[BlackElo "1499"]
[PlyCount "55"]

1. e4 e5 2. Nf3 Nc6 3. Bc4 Nf6 4. d4 d5 5. exd5 Nxd5 6. Ng5 Be7 7. Nxf7 Kxf7 8.
Qf3+ Ke8 9. Bxd5 Rf8 10. Bxc6+ bxc6 11. Qxc6+ Bd7 12. Qe4 exd4 13. Qxh7 Bf5 14.
Qxg7 Bxc2 15. Bh6 Rb8 16. O-O Qd6 17. Re1 Kd7 18. Bg5 Rfe8 19. Bxe7 Rxe7 20.
Rxe7+ Qxe7 21. Qxd4+ Kc8 22. Nd2 Kb7 23. Nf3 Rd8 24. Qe5 Qd7 25. h3 Qc6 26. Nd4
Qg6 27. Qb5+ Kc8 28. Nc6 1-0

[Event "Tournoi Skype 011A"]
[Site "Skype"]
[Date "????.??.??"]
[Round "6.16"]
[White "Trivedi, Viral"]
[Black "Dubois, Real"]
[Result "0-1"]
[WhiteElo "1606"]
[BlackElo "1519"]
[PlyCount "34"]

1. e4 e5 2. Bc4 Nf6 3. Nc3 d6 4. Nf3 Be7 5. Ng5 O-O 6. Nd5 Nxd5 7. Qh5 Bxg5 8.
Bxd5 g6 9. Qf3 Qf6 10. Qb3 Nd7 11. Bxb7 Rb8 12. d3 Rxb7 13. Qc3 Bxc1 14. Rxc1
Nc5 15. b3 Ne6 16. O-O Nf4 17. Qd2 Qg5 0-1

[Event "Tournoi Skype 011A"]
[Site "Skype"]
[Date "????.??.??"]
[Round "6.17"]
[White "Delemarre, Georges"]
[Black "Kruzeniski, Randy"]
[Result "1-0"]
[WhiteElo "1590"]
[BlackElo "1499"]
[PlyCount "83"]

1. Nf3 d5 2. g3 Nf6 3. Bg2 c6 4. O-O g6 5. b3 Bg7 6. Bb2 e6 7. d3 Nbd7 8. Nbd2
O-O 9. c4 b6 10. Rc1 Bb7 11. Re1 Re8 12. e4 e5 13. exd5 cxd5 14. Bxe5 dxc4 15.
Bxf6 Bxf6 16. dxc4 Nc5 17. Rxe8+ Qxe8 18. Qe1 Ne4 19. Nxe4 Bxe4 20. Nd2 Bxg2
21. Kxg2 Qc6+ 22. Qe4 Qc8 23. Re1 Qd8 24. Re2 Rc8 25. Nf3 Kg7 26. Rd2 Qc7 27.
Re2 a5 28. Rd2 Rd8 29. Rd5 Rd6 30. Qd3 Rxd5 31. Qxd5 Kh8 32. Nd2 Qe7 33. Ne4 g5
34. f3 Be5 35. Qd2 f6 36. c5 bxc5 37. Qxa5 Bd4 38. Qd2 g4 39. a4 gxf3+ 40. Kxf3
Qe5 41. Qe2 Qf4+ 42. gxf4 1-0

[Event "Tournoi Skype 011A"]
[Site "Skype"]
[Date "????.??.??"]
[Round "6.18"]
[White "Hague, Mark"]
[Black "Fouquereau, Andre"]
[Result "1/2-1/2"]
[WhiteElo "1400"]
[BlackElo "1589"]
[PlyCount "85"]

1. d4 d5 2. e4 dxe4 3. Nc3 Nf6 4. f3 Bf5 5. Bc4 c6 6. Bg5 Nd5 7. Nxd5 cxd5 8.
Bb5+ Nc6 9. g4 Qa5+ 10. Bd2 Qxb5 11. gxf5 Nxd4 12. Bc3 Nxf5 13. fxe4 dxe4 14.
Qg4 Nd6 15. O-O-O h6 16. Ne2 Qg5+ 17. Qxg5 hxg5 18. Ng3 Rd8 19. Rd2 e6 20. Re1
f5 21. Nf1 Rh7 22. Be5 Nc4 23. Rxd8+ Kxd8 24. Rd1+ Kc8 25. Bd4 b6 26. b3 Nd6
27. Be5 Nf7 28. Bc3 Rh3 29. Bd2 f4 30. Re1 Nd6 31. c4 e3 32. Bb4 Ne4 33. Bxf8
g6 34. Kc2 Nf6 35. Be7 Ng4 36. Bxg5 Nxh2 37. Bxf4 Nxf1 38. Rxf1 e2 39. Rg1 e5
40. Bxe5 Re3 41. Bc3 e1=Q 42. Rxe1 Rxe1 43. Bxe1 1/2-1/2

[Event "Tournoi Skype 011A"]
[Site "Skype"]
[Date "????.??.??"]
[Round "6.19"]
[White "Antonic, Nenad"]
[Black "Duthoit, Bernard"]
[Result "1-0"]
[WhiteElo "1449"]
[BlackElo "1535"]
[PlyCount "105"]

1. d4 Nf6 2. e3 d5 3. Bd3 g6 4. Nf3 Bg7 5. O-O e6 6. Nbd2 c5 7. c3 c4 8. Bc2
Nc6 9. e4 Nxe4 10. Nxe4 dxe4 11. Bxe4 Bd7 12. Qe2 b5 13. d5 exd5 14. Bxd5+ Qe7
15. Qxe7+ Kxe7 16. Re1+ Kf8 17. Ng5 Re8 18. Rxe8+ Bxe8 19. Bf4 Be5 20. Bxc6
Bxf4 21. Bxe8 Bxg5 22. Bxb5 Kg7 23. Bxc4 Rd8 24. Rb1 Bf6 25. Bb3 a5 26. Rd1 Re8
27. g3 Re2 28. Rb1 h5 29. Kf1 Rd2 30. Ke1 Rd6 31. Rd1 Rc6 32. Rd7 Bxc3+ 33.
bxc3 Rxc3 34. Rxf7+ Kh6 35. Kd2 Rc6 36. Rd7 Rf6 37. Ke2 Rc6 38. Kd2 Rb6 39. h4
g5 40. hxg5+ Kxg5 41. Rd5+ Kh6 42. Rxa5 Rb4 43. Ra6+ Kg5 44. Ra5+ Kg4 45. Bd1+
Kh3 46. Rxh5+ Kg2 47. Rf5 Rb2+ 48. Bc2 Rxa2 49. g4 Kh3 50. g5 Kg4 51. g6 Rxc2+
52. Kxc2 Kxf5 53. g7 1-0

[Event "Tournoi Skype 011A"]
[Site "Skype"]
[Date "????.??.??"]
[Round "6.20"]
[White "Belouin, Alexis"]
[Black "Belouin, Bruno"]
[Result "1-0"]
[WhiteElo "1415"]
[BlackElo "1484"]
[PlyCount "103"]

1. d4 d5 2. Nf3 Nc6 3. Be3 Bf5 4. g3 Nb4 5. Na3 Be4 6. c4 c6 7. c5 Nf6 8. Qb3
a5 9. Bg2 e6 10. O-O Be7 11. Rac1 O-O 12. Bd2 b6 13. Bxb4 axb4 14. Qxb4 bxc5
15. dxc5 Rb8 16. Qc3 Qc7 17. b4 Rfd8 18. Rfd1 Ng4 19. Ne1 Bf6 20. Qb3 Bxg2 21.
Kxg2 Bh4 22. Rd4 f5 23. f3 Bg5 24. Rc2 Ne3+ 25. Kf2 Nxc2 26. Naxc2 f4 27. g4 e5
28. Rd1 Re8 29. a4 Be7 30. a5 Bxc5+ 31. Kf1 Bd6 32. Nd3 Kh8 33. Qa3 Qe7 34. Ra1
e4 35. Nd4 exd3 36. Re1 Rbc8 37. Nxc6 dxe2+ 38. Kg2 Qh4 39. Qc3 Re3 40. Qd2
Rxc6 41. Rxe2 Rxe2+ 42. Qxe2 Rc8 43. b5 Qg5 44. b6 Qg6 45. Qb5 Rc2+ 46. Kh1 Rc8
47. b7 Qe8 48. Qb6 Rc1+ 49. Kg2 Rc2+ 50. Kh3 Qb8 51. a6 Bc5 52. Qc6 1-0

[Event "Tournoi Skype 011A"]
[Site "Skype"]
[Date "????.??.??"]
[Round "6.21"]
[White "Gieschen, Mike"]
[Black "Malbec, Robert"]
[Result "0-1"]
[WhiteElo "1655"]
[BlackElo "1547"]
[PlyCount "64"]

1. Nf3 Nc6 2. c4 d6 3. d4 d5 4. cxd5 Qxd5 5. Nc3 Qh5 6. e4 Bg4 7. Be2 e6 8. h3
Bxf3 9. Bxf3 Qa5 10. O-O Be7 11. Bd2 Qb6 12. d5 exd5 13. exd5 Ne5 14. Be3 Qxb2
15. Bd4 Nxf3+ 16. Qxf3 Nf6 17. Rab1 Qa3 18. Rxb7 Qd6 19. Rxa7 O-O 20. Rxa8 Rxa8
21. Ra1 Ra5 22. a4 Nxd5 23. Nxd5 Rxd5 24. Bc3 Rd3 25. Qa8+ Bf8 26. Rc1 h6 27.
a5 Qe7 28. a6 Rd8 29. Qb7 Qa3 30. Bb2 Qa5 31. Rxc7 Bd6 32. Rxf7 Qe1# 0-1

[Event "Tournoi Skype 011A"]
[Site "Skype"]
[Date "????.??.??"]
[Round "6.22"]
[White "De Coninck, Philippe"]
[Black "Grib, Johannes"]
[Result "0-1"]
[WhiteElo "1525"]
[BlackElo "1499"]
[PlyCount "52"]

1. e4 e5 2. f4 exf4 3. Nf3 Nf6 4. Nc3 c6 5. Bc4 d5 6. exd5 cxd5 7. Bb5+ Nc6 8.
d4 a6 9. Bxc6+ bxc6 10. Bxf4 Be7 11. O-O O-O 12. Ne5 Bb7 13. Qd3 c5 14. Rf3 c4
15. Qf5 g6 16. Qh3 Bc8 17. Qh6 Ne4 18. Nc6 Qe8 19. Nxe7+ Qxe7 20. Nxd5 Qd8 21.
Be5 f6 22. Nc3 Nxc3 23. Raf1 Ne4 24. Rf4 Bb7 25. Rh4 Rf7 26. Qf4 Qd5 0-1

[Event "Tournoi Skype 011A"]
[Site "Skype"]
[Date "????.??.??"]
[Round "6.23"]
[White "Meaney, Mike"]
[Black "Galani, Mahendra"]
[Result "1-0"]
[WhiteElo "1537"]
[BlackElo "1491"]
[PlyCount "79"]

1. e4 e5 2. Nf3 d6 3. Bc4 Qf6 4. d3 h6 5. Nc3 c6 6. Be3 Be7 7. d4 exd4 8. Bxd4
Qg6 9. Qe2 Be6 10. Bd3 f6 11. e5 f5 12. Nh4 Bxh4 13. exd6 Nd7 14. O-O-O Qf7 15.
Kb1 c5 16. Bc4 cxd4 17. Bxe6 Qf6 18. Bxd7+ Kxd7 19. Qb5+ Kxd6 20. Qd5+ Ke7 21.
Rhe1+ Kf8 22. Rxd4 Ne7 23. Qd7 Bxf2 24. Rd6 Qg5 25. Red1 Nc6 26. Qxb7 Rb8 27.
Qxc6 Kg8 28. Rd7 Qh4 29. Qc7 Rxb2+ 30. Kxb2 Qb4+ 31. Ka1 Qg4 32. R1d5 Bh4 33.
Rd4 Qg5 34. Rxh4 Qc1+ 35. Nb1 Qg5 36. Qc4+ Kh7 37. Rxg7+ Qxg7+ 38. c3 Rb8 39.
Qd5 Qg5 40. Qd7+ 1-0

[Event "Tournoi Skype 011A"]
[Site "Skype"]
[Date "????.??.??"]
[Round "6.24"]
[White "Yeter, Orhan"]
[Black "Khatanhar, Mohit"]
[Result "0-1"]
[WhiteElo "1400"]
[BlackElo "1421"]
[PlyCount "72"]

1. d4 d5 2. c4 dxc4 3. e4 Qd6 4. Bxc4 Qb4+ 5. Nd2 e6 6. a3 Qd6 7. Ngf3 Be7 8.
e5 Qc6 9. O-O Bd7 10. b4 Qb6 11. Bb2 a6 12. Re1 Nh6 13. Ne4 O-O 14. Bd3 Nc6 15.
Bb1 Rad8 16. Qc2 g6 17. Nf6+ Kh8 18. Rd1 Bc8 19. Ng5 Nxd4 20. Bxd4 Rxd4 21.
Ngxh7 Rxd1+ 22. Qxd1 Rd8 23. Bd3 Qd4 24. Bc2 Qxe5 25. Qf1 Bxf6 26. Nxf6 Qxf6
27. Rd1 Rxd1 28. Qxd1 e5 29. Qd2 Kg7 30. g3 Bf5 31. h4 Ng4 32. f3 Nh6 33. Bxf5
Qxf5 34. Kg2 Qe6 35. Kf2 f5 36. Qf4 exf4 0-1

[Event "Tournoi Skype 011A"]
[Site "Skype"]
[Date "????.??.??"]
[Round "7.1"]
[White "Mahapatra, Durgaprasad"]
[Black "Hervais, Adrien"]
[Result "1/2-1/2"]
[WhiteElo "1799"]
[BlackElo "2097"]
[PlyCount "58"]

1. Nf3 d5 2. d4 e6 3. c4 c6 4. Bg5 Nf6 5. Nc3 Be7 6. e3 Ne4 7. Bxe7 Qxe7 8. Qb3
Nd7 9. cxd5 exd5 10. Bd3 Ndf6 11. O-O O-O 12. Rfc1 h6 13. Ne5 Ng4 14. Bxe4 dxe4
15. Nxg4 Bxg4 16. d5 Rac8 17. a4 Rfd8 18. h3 Bf5 19. a5 Rd6 20. g4 Bh7 21. Nb5
Rdd8 22. Nxa7 Ra8 23. dxc6 Rxa7 24. c7 Rc8 25. Qb6 Qh4 26. Qxa7 Qxh3 27. Qd4
Qxg4+ 28. Kf1 Qh3+ 29. Kg1 Qg4+ 1/2-1/2

[Event "Tournoi Skype 011A"]
[Site "Skype"]
[Date "????.??.??"]
[Round "7.2"]
[White "Auger, Bertrand"]
[Black "Rico Hernandez, Edgar"]
[Result "1-0"]
[WhiteElo "2043"]
[BlackElo "1887"]
[PlyCount "95"]

1. Nf3 Nf6 2. g3 g6 3. b4 Bg7 4. Bb2 d6 5. Bg2 O-O 6. d3 c6 7. O-O Nbd7 8. Nbd2
Nb6 9. c4 Bg4 10. a4 a6 11. a5 Nbd7 12. h3 Bxf3 13. Nxf3 Rc8 14. Qd2 Re8 15.
Bc3 e6 16. Qb2 d5 17. Ne5 Nxe5 18. Bxe5 Nh5 19. Bxg7 Nxg7 20. e4 d4 21. c5 e5
22. f4 Nh5 23. Qf2 exf4 24. gxf4 f6 25. Qa2+ Kh8 26. Qf2 Rc7 27. Qh4 Ng7 28.
Rae1 Rf7 29. Kh1 Qc7 30. Qg4 Ref8 31. Qg3 Qd7 32. Qh2 Qe6 33. f5 gxf5 34. exf5
Qb3 35. Qd6 Qxd3 36. Rd1 Qc2 37. Qxd4 Nxf5 38. Qf4 Ne7 39. Rd2 Qb3 40. Qd4 Ng6
41. Rd3 Qe6 42. Re3 Qc8 43. h4 Ne5 44. Rxe5 fxe5 45. Qxe5+ Kg8 46. Rg1 Rg7 47.
Bd5+ cxd5 48. Qxg7# 1-0

[Event "Tournoi Skype 011A"]
[Site "Skype"]
[Date "????.??.??"]
[Round "7.3"]
[White "Hilton, Stephen"]
[Black "Deville, Olivier"]
[Result "1/2-1/2"]
[WhiteElo "1897"]
[BlackElo "1919"]
[PlyCount "101"]

1. c4 c5 2. Nf3 Nc6 3. g3 e5 4. Nc3 g6 5. Bg2 Bg7 6. O-O Nge7 7. Rb1 O-O 8. a3
d6 9. b4 Rb8 10. b5 Nd4 11. e3 Nxf3+ 12. Qxf3 f5 13. Qe2 Be6 14. Bb2 d5 15.
cxd5 Nxd5 16. e4 Nxc3 17. dxc3 f4 18. c4 Qc7 19. Rfd1 Qf7 20. gxf4 exf4 21.
Bxg7 Kxg7 22. Bf1 g5 23. Rd6 Rbd8 24. Rbd1 Qe7 25. Qb2+ Kf7 26. R6d2 Bg4 27.
Rxd8 Rxd8 28. Rxd8 Qxd8 29. Qe5 b6 30. h3 Be6 31. Be2 Bxh3 32. Bh5+ Kg8 33. Kh2
Qd7 34. Qxg5+ Kh8 35. Qf6+ Kg8 36. Qxf4 Bf1 37. Bg4 Qe7 38. Qb8+ Kg7 39. Qg3
Qg5 40. Be6 Qxg3+ 41. Kxg3 Kf6 42. Bg8 Ke5 43. Bxh7 Bxc4 44. f4+ Kf6 45. e5+
Kf7 46. Bc2 Bxb5 47. Kg4 Bc4 48. a4 a6 49. Kg5 b5 50. axb5 axb5 51. f5 1/2-1/2

[Event "Tournoi Skype 011A"]
[Site "Skype"]
[Date "????.??.??"]
[Round "7.4"]
[White "Jacquelin, Norbert"]
[Black "Lambert, Pierre"]
[Result "0-1"]
[WhiteElo "1807"]
[BlackElo "1891"]
[PlyCount "88"]

1. e4 c5 2. Nc3 d6 3. g3 Nf6 4. h3 Bd7 5. Bg2 g6 6. d3 Nc6 7. Be3 Bg7 8. Qd2
Rc8 9. Nge2 Qa5 10. O-O O-O 11. Bh6 Nd4 12. Bxg7 Kxg7 13. Nc1 Bxh3 14. Nb3 Bxg2
15. Kxg2 Qb4 16. Rh1 h5 17. Qd1 Nxb3 18. axb3 Qb6 19. Qd2 e6 20. f3 Rh8 21. Qf4
a6 22. g4 hxg4 23. fxg4 Qc7 24. Raf1 Qe7 25. Ne2 Rxh1 26. Rxh1 Rh8 27. Rxh8
Kxh8 28. Ng3 e5 29. Qh6+ Kg8 30. Qg5 Nd5 31. Qxe7 Nxe7 32. c3 Nc6 33. Nf1 b5
34. g5 Nd8 35. Kg3 Ne6 36. Kg4 Nf4 37. Ne3 Nxd3 38. Nd5 Kf8 39. Nc7 Ke7 40.
Nxa6 Kd7 41. Kf3 Kc6 42. Ke3 Nf4 43. Nb8+ Kc7 44. Na6+ Kb7 0-1

[Event "Tournoi Skype 011A"]
[Site "Skype"]
[Date "????.??.??"]
[Round "7.5"]
[White "Kumar Pradhan, Soundarya"]
[Black "Catherine, Bertrand"]
[Result "1/2-1/2"]
[WhiteElo "1641"]
[BlackElo "1910"]
[PlyCount "53"]

1. d4 c5 2. d5 Nf6 3. c4 b5 4. cxb5 a6 5. b6 d6 6. Nc3 g6 7. a4 a5 8. e4 Nbd7
9. f3 Bg7 10. Bb5 O-O 11. Nge2 Nxb6 12. O-O Ba6 13. Be3 Nc4 14. Bc1 Qc7 15. Qd3
Ne5 16. Qc2 Bxb5 17. Nxb5 Qb6 18. Bf4 Nfd7 19. Kh1 Nb8 20. Rac1 Na6 21. Qd2 Nb4
22. b3 Ned3 23. Rc4 Nb2 24. Rcc1 N2d3 25. Rc4 Nb2 26. Rcc1 N2d3 27. Rc4 1/2-1/2

[Event "Tournoi Skype 011A"]
[Site "Skype"]
[Date "????.??.??"]
[Round "7.6"]
[White "Le Brun, Yves"]
[Black "Plourde, Alain"]
[Result "0-1"]
[WhiteElo "1633"]
[BlackElo "1868"]
[PlyCount "64"]

1. Nf3 d5 2. d4 Nf6 3. Bf4 Nbd7 4. Nbd2 c5 5. e3 a6 6. c4 e6 7. Bd3 cxd4 8.
exd4 dxc4 9. Bxc4 b5 10. Bd3 Be7 11. O-O O-O 12. Rc1 Nd5 13. Bg3 Bb7 14. Ne4
Qb6 15. Ne5 Nxe5 16. dxe5 Rac8 17. Qd2 Rxc1 18. Rxc1 Rc8 19. Rxc8+ Bxc8 20. Nd6
Bd7 21. Qe2 f5 22. a3 Qc5 23. h3 Qc1+ 24. Kh2 Nf4 25. Bxf4 Qxf4+ 26. g3 Qd4 27.
Nxf5 exf5 28. e6 Bc6 29. Bxf5 Bc5 30. Bxh7+ Kf8 31. e7+ Bxe7 32. h4 Qd5 0-1


0-1

[Event "Tournoi Skype 011A"]
[Site "Skype"]
[Date "????.??.??"]
[Round "7.7"]
[White "Salazar Ticeran, Antonio"]
[Black "Janssen, Gerard"]
[Result "1-0"]
[WhiteElo "1846"]
[BlackElo "1621"]
[PlyCount "45"]

1. e4 e5 2. Bc4 Nf6 3. d3 Be7 4. Nc3 c6 5. Nf3 a5 6. a4 d6 7. h3 Nbd7 8. Bg5 h6
9. Bh4 Nc5 10. Qd2 Ne6 11. Bg3 Nh5 12. Bh2 Nhf4 13. Bxe6 Nxe6 14. d4 exd4 15.
Nxd4 O-O 16. Nf5 Re8 17. O-O-O Nc5 18. Nxe7+ Rxe7 19. Qxd6 Qxd6 20. Bxd6 Nxe4
21. Bxe7 Nxf2 22. Rd8+ Kh7 23. Rf1 1-0

[Event "Tournoi Skype 011A"]
[Site "Skype"]
[Date "????.??.??"]
[Round "7.8"]
[White "Meyer, Eric"]
[Black "Murgia, Stefano"]
[Result "1/2-1/2"]
[WhiteElo "1628"]
[BlackElo "1718"]
[PlyCount "74"]

1. d4 f5 2. Nf3 Nf6 3. g3 d6 4. Bg2 g6 5. O-O Bg7 6. c4 O-O 7. Nc3 Qe8 8. Re1
Qf7 9. Qb3 Ne4 10. Be3 Nxc3 11. bxc3 h6 12. h4 Nc6 13. Nd2 e5 14. Bd5 Be6 15.
Bxe6 Qxe6 16. d5 Qe7 17. dxc6 bxc6 18. Nf3 c5 19. Rec1 e4 20. Nh2 g5 21. hxg5
hxg5 22. Qd1 f4 23. Qd5+ Kh7 24. gxf4 gxf4 25. Bd2 Rae8 26. Qh5+ Kg8 27. Ng4
Rf7 28. Kh2 e3 29. fxe3 fxe3 30. Bxe3 Be5+ 31. Kg2 Rg7 32. Rh1 Qe6 33. Qh8+ Kf7
34. Raf1+ Ke7 35. Qh4+ Kd7 36. Bg5 Reg8 37. Qh5 Rxg5 1/2-1/2

[Event "Tournoi Skype 011A"]
[Site "Skype"]
[Date "????.??.??"]
[Round "7.9"]
[White "Chaignet, Lucas"]
[Black "Brun, Jacques"]
[Result "1/2-1/2"]
[WhiteElo "1642"]
[BlackElo "1699"]
[PlyCount "114"]

1. e4 c5 2. Nf3 Nc6 3. d4 cxd4 4. Nxd4 g6 5. Be3 Bg7 6. Qd2 Nf6 7. Nc3 O-O 8.
Bc4 Ng4 9. Nxc6 bxc6 10. O-O-O Nxe3 11. Qxe3 Qa5 12. Rd3 Qb4 13. Bb3 d6 14. a3
Qa5 15. Bc4 Rb8 16. f3 Ba6 17. Bxa6 Qxa6 18. Qd2 Qb6 19. b3 Rfd8 20. g4 Qa5 21.
Kb2 c5 22. h4 c4 23. Rd5 Qxc3+ 24. Qxc3 Bxc3+ 25. Kxc3 cxb3 26. cxb3 Rdc8+ 27.
Kb2 Rc6 28. Rhd1 Rbc8 29. R1d2 Kf8 30. f4 Rc1 31. Ra5 R1c7 32. g5 Rb8 33. f5
Ke8 34. f6 Rb6 35. Rad5 Rc5 36. fxe7 Kxe7 37. e5 Rxd5 38. Rxd5 Ke6 39. Rxd6+
Rxd6 40. exd6 Kxd6 41. Kc3 f5 42. gxf6 h6 43. Kd4 g5 44. h5 Ke6 45. f7 Kxf7 46.
Ke5 Ke7 47. b4 Kd7 48. a4 Kc7 49. Kd5 Kb6 50. Kd4 a6 51. Kd5 Kb7 52. Kd4 Kc6
53. Ke5 Kc7 54. Kd5 Kd7 55. Ke5 Kc6 56. Kd4 Kd6 57. Ke4 Kc6 1/2-1/2

[Event "Tournoi Skype 011A"]
[Site "Skype"]
[Date "????.??.??"]
[Round "7.10"]
[White "Rajpurohit, Dinesh"]
[Black "Engstrom, Olle"]
[Result "1/2-1/2"]
[WhiteElo "1627"]
[BlackElo "1639"]
[PlyCount "71"]

1. c4 c5 2. Nc3 Nc6 3. g3 g6 4. Bg2 Bg7 5. d3 d6 6. Bd2 Nf6 7. Nf3 O-O 8. O-O
Bd7 9. a3 a6 10. e4 e5 11. Bg5 h6 12. Bxf6 Bxf6 13. Nd5 Rb8 14. Qd2 Kg7 15. Ne3
b5 16. Rac1 b4 17. axb4 Nxb4 18. Nc2 Ba4 19. Nxb4 Rxb4 20. Ra1 Qb6 21. Qc1 Rb8
22. Re1 Bd7 23. Nd2 Rxb2 24. Rb1 a5 25. Rxb2 Qxb2 26. Qxb2 Rxb2 27. Nb1 Bd8 28.
Bf3 a4 29. Na3 Ba5 30. Rb1 Bc3 31. Bd1 Rxb1 32. Nxb1 Bb2 33. Kf1 a3 34. Bb3 Ba4
35. Ba2 Bc2 36. Ke2 1/2-1/2

[Event "Tournoi Skype 011A"]
[Site "Skype"]
[Date "????.??.??"]
[Round "7.12"]
[White "Dubois, Real"]
[Black "Parmar, Manoj"]
[Result "0-1"]
[WhiteElo "1519"]
[BlackElo "1658"]
[PlyCount "72"]

1. d4 d5 2. Nf3 Nf6 3. g3 e6 4. Bg2 c5 5. e3 Nc6 6. c3 cxd4 7. Nxd4 Nxd4 8.
exd4 Be7 9. Nd2 O-O 10. O-O Bd7 11. Nf3 h6 12. Re1 Rc8 13. Ne5 Be8 14. Be3 b5
15. a3 a5 16. b4 Rxc3 17. Qd2 axb4 18. axb4 Rc8 19. Nd3 Ng4 20. Nc5 Nxe3 21.
Qxe3 Bc6 22. Ra6 Kh8 23. Bh3 Bxc5 24. dxc5 d4 25. Qd3 Qd5 26. f3 Qxf3 27. Qxf3
Bxf3 28. Rf1 Be2 29. Rf2 d3 30. Bg2 d2 31. Bf3 d1=Q+ 32. Kg2 Bxf3+ 33. Rxf3
Qe2+ 34. Rf2 Qe4+ 35. Kg1 Qxb4 36. Raa2 Rxc5 0-1